Design Of Steel Structures By Limit State Method As Per Is :800-2007 (Record no. 31548)
[ view plain ]
| 000 -LEADER | |
|---|---|
| fixed length control field | 00455nam a22001817a 4500 |
| 003 - CONTROL NUMBER IDENTIFIER | |
| control field | OSt |
| 005 - DATE AND TIME OF LATEST TRANSACTION | |
| control field | 20220224103246.0 |
| 008 - FIXED-LENGTH DATA ELEMENTS--GENERAL INFORMATION | |
| fixed length control field | 220224b |||||||| |||| 00| 0 eng d |
| 020 ## - INTERNATIONAL STANDARD BOOK NUMBER | |
| International Standard Book Number | 9789382332091 |
| 040 ## - CATALOGING SOURCE | |
| Transcribing agency | HU |
| 082 ## - DEWEY DECIMAL CLASSIFICATION NUMBER | |
| Classification number | 693.71 |
| 100 ## - MAIN ENTRY--PERSONAL NAME | |
| Personal name | Bhavikatti S.S |
| 9 (RLIN) | 11492 |
| 245 ## - TITLE STATEMENT | |
| Title | Design Of Steel Structures By Limit State Method As Per Is :800-2007 |
| 250 ## - EDITION STATEMENT | |
| Edition statement | 3ed |
| 260 ## - PUBLICATION, DISTRIBUTION, ETC. | |
| Place of publication, distribution, etc. | New Delhi |
| Name of publisher, distributor, etc. | New Delhi |
| 300 ## - PHYSICAL DESCRIPTION | |
| Type of unit | 406 |
| 942 ## - ADDED ENTRY ELEMENTS (KOHA) | |
| Source of classification or shelving scheme | Dewey Decimal Classification |
| Koha item type | Books like text book referance book |
| Suppress in OPAC | No |
| Withdrawn status | Lost status | Source of classification or shelving scheme | Damaged status | Not for loan | Home library | Current library | Shelving location | Date acquired | Total Checkouts | Full call number | Barcode | Date last seen | Copy number | Price effective from | Koha item type |
|---|---|---|---|---|---|---|---|---|---|---|---|---|---|---|---|
| Dewey Decimal Classification | IoT Library | IoT Library | General Stacks | 02/24/2022 | 693.71/BHA/2012 | IOTL0015516 | 02/24/2022 | 1 | 02/24/2022 | Books like text book referance book | |||||
| Dewey Decimal Classification | IoT Library | IoT Library | General Stacks | 02/24/2022 | 693.71/BHA/2012 | IOTL0015517 | 02/24/2022 | 2 | 02/24/2022 | Books like text book referance book | |||||
| Dewey Decimal Classification | IoT Library | IoT Library | General Stacks | 02/24/2022 | 693.71/BHA/2012 | IOTL0015518 | 02/24/2022 | 3 | 02/24/2022 | Books like text book referance book | |||||
| Dewey Decimal Classification | IoT Library | IoT Library | General Stacks | 02/24/2022 | 693.71/BHA/2012 | IOTL0015519 | 02/24/2022 | 4 | 02/24/2022 | Books like text book referance book | |||||
| Dewey Decimal Classification | IoT Library | IoT Library | General Stacks | 02/24/2022 | 693.71/BHA/2012 | IOTL0015520 | 02/24/2022 | 5 | 02/24/2022 | Books like text book referance book | |||||
| Dewey Decimal Classification | IoT Library | IoT Library | General Stacks | 02/24/2022 | 693.71/BHA/2012 | IOTL0015521 | 02/24/2022 | 6 | 02/24/2022 | Books like text book referance book | |||||
| Dewey Decimal Classification | IoT Library | IoT Library | General Stacks | 02/24/2022 | 693.71/BHA/2012 | IOTL0015522 | 02/24/2022 | 7 | 02/24/2022 | Books like text book referance book | |||||
| Dewey Decimal Classification | IoT Library | IoT Library | General Stacks | 02/24/2022 | 693.71/BHA/2012 | IOTL0015523 | 02/24/2022 | 8 | 02/24/2022 | Books like text book referance book | |||||
| Dewey Decimal Classification | IoT Library | IoT Library | General Stacks | 02/24/2022 | 693.71/BHA/2012 | IOTL0015524 | 02/24/2022 | 9 | 02/24/2022 | Books like text book referance book | |||||
| Dewey Decimal Classification | IoT Library | IoT Library | General Stacks | 02/24/2022 | 693.71/BHA/2012 | IOTL0015525 | 02/24/2022 | 10 | 02/24/2022 | Books like text book referance book | |||||
| Dewey Decimal Classification | IoT Library | IoT Library | General Stacks | 02/24/2022 | 693.71/BHA/2012 | IOTL0015526 | 02/24/2022 | 11 | 02/24/2022 | Books like text book referance book |